[Event "Quebec op"]
[Site "Laval CAN"]
[Date "2022.09.02"]
[Round "3.2"]
[White "Vera, Reynaldo"]
[Black "Chen, Max"]
[Result "1/2-1/2"]
[WhiteElo "2402"]
[BlackElo "2104"]
[PlyCount "97"]
[EventDate "2022.09.01"]
[EventType "swiss"]
[EventRounds "9"]
[EventCountry "CAN"]

1. Nf3 Nf6 2. c4 g6 3. Nc3 d5 4. cxd5 Nxd5 5. Qa4+ c6 6. Nxd5 Qxd5 7. e4 Qd6 8.
d4 Bg7 9. Be3 O-O 10. Be2 Nd7 11. O-O e5 12. Rad1 exd4 13. Bxd4 Qe7 14. Bxg7
Kxg7 15. Rfe1 Re8 16. Qd4+ Qf6 17. Bc4 Qxd4 18. Nxd4 Nb6 19. Bb3 Bd7 20. f4 c5
21. Nf3 Be6 22. Bxe6 Rxe6 23. Ng5 Re7 24. e5 Nc4 25. b3 Na3 26. e6 f5 27. Rd7
Rae8 28. Re5 b6 29. Nf7 Kf6 30. Nd6 Rg8 31. g4 g5 32. Nxf5 gxf4 33. Nh6 Rg6 34.
Red5 Nb5 35. a4 Nd4 36. Kf2 Nc6 37. h4 Rxd7 38. exd7 Ke6 39. d8=Q Nxd8 40. Rxd8
Rxh6 41. h5 Rf6 42. Kf3 h6 43. Ra8 Rf7 44. Re8+ Kd5 45. Re4 Rf6 46. Re7 a6 47.
Ra7 b5 48. axb5 axb5 49. Rb7 1/2-1/2

[Event "Quebec op"]
[Site "Laval CAN"]
[Date "2022.09.02"]
[Round "3.3"]
[White "Wolchock, Theo"]
[Black "Robichaud, Louis"]
[Result "0-1"]
[WhiteElo "2105"]
[BlackElo "2026"]
[PlyCount "40"]
[EventDate "2022.09.01"]
[EventType "swiss"]
[EventRounds "9"]
[EventCountry "CAN"]

1. e4 e5 2. Nf3 Nc6 3. d4 exd4 4. Nxd4 Bc5 5. Nb3 Bb6 6. Nc3 Nf6 7. Qe2 O-O 8.
Bg5 h6 9. Bh4 a5 10. O-O-O a4 11. Nd2 a3 12. e5 axb2+ 13. Kb1 Nd4 14. Qd3 d5
15. Bxf6 gxf6 16. exf6 Qxf6 17. Nxd5 Qg7 18. Nxb6 Bf5 19. Ne4 Rad8 20. Qe3 Nxc2
0-1

[Event "Quebec op"]
[Site "Laval CAN"]
[Date "2022.09.02"]
[Round "3.4"]
[White "Han, Johnathan"]
[Black "Rodrigue-Lemieux, Shawn"]
[Result "0-1"]
[WhiteElo "2074"]
[BlackElo "2451"]
[PlyCount "92"]
[EventDate "2022.09.01"]
[EventType "swiss"]
[EventRounds "9"]
[EventCountry "CAN"]

1. e4 c6 2. d4 d5 3. Nd2 dxe4 4. Nxe4 Nf6 5. Nxf6+ exf6 6. c3 Bf5 7. Ne2 Bd6 8.
Ng3 Be6 9. Bd3 O-O 10. O-O g6 11. Be3 Nd7 12. c4 f5 13. Ne2 Nf6 14. g3 Re8 15.
Re1 Ng4 16. Bd2 Bc7 17. Qc1 Ne5 18. dxe5 Qxd3 19. Nf4 Qxc4 20. Bc3 Bd8 21. h4
Be7 22. b3 Qc5 23. Qb2 Rad8 24. Rad1 Bf8 25. Nd3 Qb5 26. Qc2 Bh6 27. Bd2 Bxd2
28. Rxd2 Rd5 29. Red1 Rd4 30. Qc3 Rd5 31. a4 Qa5 32. Qb2 Red8 33. Qc2 R8d7 34.
b4 Qd8 35. f4 Rd4 36. Kf2 Bc4 37. Ke3 Rxd3+ 38. Rxd3 Rxd3+ 39. Rxd3 Bxd3 40.
Qxd3 Qxd3+ 41. Kxd3 Kf8 42. Kd4 Ke7 43. Kc5 Kd7 44. Kc4 b6 45. Kd4 Ke6 46. Kc4
f6 0-1

[Event "Quebec op"]
[Site "Laval CAN"]
[Date "2022.09.02"]
[Round "3.5"]
[White "Li, William"]
[Black "Perez Rodriguez, Luis Manuel"]
[Result "1/2-1/2"]
[WhiteElo "2106"]
[BlackElo "2335"]
[PlyCount "67"]
[EventDate "2022.09.01"]
[EventType "swiss"]
[EventRounds "9"]
[EventCountry "CAN"]

1. d4 d5 2. c4 c6 3. Nf3 Nf6 4. e3 e6 5. Nbd2 Nbd7 6. Bd3 Bd6 7. O-O O-O 8. Re1
e5 9. cxd5 cxd5 10. e4 Re8 11. exd5 exd4 12. Ne4 Nxe4 13. Bxe4 Nf6 14. Bg5 h6
15. Bxf6 Qxf6 16. Qxd4 Qxd4 17. Nxd4 Be5 18. Bf3 Bd7 19. Nc2 Rac8 20. Ne3 Bxb2
21. Rab1 Bc3 22. Red1 b6 23. d6 Red8 24. Nd5 Kf8 25. Rbc1 Bb2 26. Rc7 Be6 27.
Nf4 Be5 28. Nxe6+ fxe6 29. Rxc8 Rxc8 30. d7 Rd8 31. Bb7 Ke7 32. Bc8 Bd6 33. Kf1
Bc5 34. Re1 1/2-1/2

[Event "Quebec op"]
[Site "Laval CAN"]
[Date "2022.09.02"]
[Round "3.6"]
[White "Latreille, Etienne"]
[Black "Zheng, Richard"]
[Result "0-1"]
[WhiteElo "1680"]
[BlackElo "2147"]
[PlyCount "136"]
[EventDate "2022.09.01"]
[EventType "swiss"]
[EventRounds "9"]
[EventCountry "CAN"]

1. e4 c6 2. d4 d5 3. e5 c5 4. dxc5 e6 5. a3 Nc6 6. Nf3 Bxc5 7. b4 Bb6 8. Bb2 f6
9. Nbd2 fxe5 10. Nxe5 Nxe5 11. Bxe5 Nf6 12. Bd3 Bc7 13. Nf3 Bxe5 14. Nxe5 Qc7
15. Bb5+ Bd7 16. Nxd7 Qc3+ 17. Ke2 Nxd7 18. Qd3 Qc7 19. Rhe1 O-O 20. Kf1 Nf6
21. Kg1 Ne4 22. Rxe4 dxe4 23. Qxe4 Qb6 24. Bd3 g6 25. Rf1 Qc6 26. Qxc6 bxc6 27.
Be4 Rac8 28. Re1 Kf7 29. Bd3 Rfd8 30. Bc4 Rd6 31. g3 Kf6 32. f4 Re8 33. Bd3 e5
34. fxe5+ Rxe5 35. Rf1+ Kg7 36. Rf4 Re1+ 37. Kf2 Ra1 38. Ke3 Rxa3 39. Rc4 Ra1
40. Rc5 Re1+ 41. Kd2 Rh1 42. h4 Rg1 43. Rg5 Rd5 44. Rg4 Rf1 45. Kc3 Re1 46. Rf4
Re7 47. g4 Red7 48. Bc4 Re5 49. Bd3 Rc7 50. Kd4 Rd5+ 51. Kc4 Rd8 52. Kc5 Rd5+
53. Kc4 a6 54. Be2 Re5 55. Bd3 c5 56. bxc5 Rexc5+ 57. Kb4 a5+ 58. Ka4 Rf7 59.
Re4 Rb7 60. Rf4 Rd5 61. Re4 Rb4+ 62. Rxb4 axb4 63. h5 Rd4 64. hxg6 hxg6 65. g5
Kf7 66. Kb3 Rg4 67. Bc4+ Ke7 68. Kxb4 Kd6 0-1

[Event "Quebec op"]
[Site "Laval CAN"]
[Date "2022.09.02"]
[Round "3.7"]
[White "Chipanga, Takaedza"]
[Black "Zhong, Kevin"]
[Result "0-1"]
[WhiteElo "2012"]
[BlackElo "2143"]
[PlyCount "98"]
[EventDate "2022.09.01"]
[EventType "swiss"]
[EventRounds "9"]
[EventCountry "CAN"]

1. d4 d5 2. c4 e6 3. g3 Nf6 4. Bg2 Be7 5. Nf3 O-O 6. O-O c6 7. b3 b6 8. Ne5
Nfd7 9. Nxd7 Nxd7 10. Nd2 Bb7 11. Bb2 Rc8 12. e4 dxe4 13. Nxe4 c5 14. dxc5 Bxe4
15. Bxe4 Nxc5 16. Qg4 Bf6 17. Rad1 Qe7 18. Ba3 Rfd8 19. Bc2 Qb7 20. Rxd8+ Rxd8
21. Rd1 Rxd1+ 22. Qxd1 g6 23. b4 Nd7 24. f4 Qc6 25. Ba4 Qxc4 26. Bxd7 Bd4+ 27.
Kg2 Qd5+ 28. Qf3 Qxd7 29. Qa8+ Kg7 30. b5 Qd5+ 31. Qxd5 exd5 32. Bd6 Kf6 33.
Bb8 Ke6 34. a4 Kd7 35. Kf3 Kc8 36. Bd6 Kd7 37. Bb8 f5 38. h3 Kc8 39. Bd6 Kb7
40. g4 a6 41. g5 axb5 42. axb5 Kc8 43. Ke2 Kd7 44. Bf8 Ke6 45. Bb4 Bb2 46. Bd2
d4 47. Kd3 Kd5 48. Be1 Bc1 49. Bg3 Be3 0-1

[Event "Quebec op"]
[Site "Laval CAN"]
[Date "2022.09.02"]
[Round "3.8"]
[White "Chiku-Ratte, Olivier-Kenta"]
[Black "Batorshyn, Ilia"]
[Result "1-0"]
[WhiteElo "2355"]
[BlackElo "1909"]
[PlyCount "79"]
[EventDate "2022.09.01"]
[EventType "swiss"]
[EventRounds "9"]
[EventCountry "CAN"]

1. d4 Nf6 2. c4 e6 3. Nf3 b6 4. g3 Bb7 5. Bg2 Be7 6. O-O O-O 7. Re1 d5 8. cxd5
exd5 9. Nc3 Nbd7 10. b3 Re8 11. Bb2 Ne4 12. Qc2 Ndf6 13. a3 c5 14. Rad1 Rc8 15.
Bh3 Nxc3 16. Bxc8 Nxd1 17. Bxb7 Nxb2 18. Qxb2 Qc7 19. Ba6 Bd6 20. e3 Ne4 21.
Rd1 c4 22. bxc4 dxc4 23. Qb5 Qe7 24. Qxc4 Bxa3 25. Kg2 Qf6 26. Qb3 Bd6 27. Bb7
Qf5 28. Qa4 Nf6 29. e4 b5 30. Qa6 Qd7 31. e5 Bb8 32. exf6 Re2 33. Bc6 Qe6 34.
Qxb5 Bd6 35. Qg5 g6 36. Bd5 Qd7 37. Ne5 Bxe5 38. dxe5 Qe8 39. Qh6 Qf8 40. Bxf7+
1-0

[Event "Quebec op"]
[Site "Laval CAN"]
[Date "2022.09.02"]
[Round "3.9"]
[White "Mok, Yuen Tak"]
[Black "Bluvshtein, Ilia"]
[Result "0-1"]
[WhiteElo "1795"]
[BlackElo "2034"]
[PlyCount "42"]
[EventDate "2022.09.01"]
[EventType "swiss"]
[EventRounds "9"]
[EventCountry "CAN"]

1. Nf3 Nf6 2. c4 g6 3. b4 Bg7 4. Bb2 O-O 5. g3 d5 6. cxd5 Nxd5 7. Bxg7 Kxg7 8.
Qb3 Qd6 9. a3 a5 10. b5 a4 11. Qb2+ f6 12. Nc3 Ra5 13. Nxd5 Qxd5 14. Qb4 Rxb5
15. Qxe7+ Rf7 16. Qe8 Qa2 17. Rd1 Rb1 18. d3 Rxd1+ 19. Kxd1 Be6 20. Qxb8 Bb3+
21. Ke1 Qc2 0-1

[Event "Quebec op"]
[Site "Laval CAN"]
[Date "2022.09.02"]
[Round "3.10"]
[White "Drolet, Stephane"]
[Black "Guillemette, Hugo"]
[Result "1/2-1/2"]
[WhiteElo "2034"]
[BlackElo "1750"]
[PlyCount "102"]
[EventDate "2022.09.01"]
[EventType "swiss"]
[EventRounds "9"]
[EventCountry "CAN"]

1. d4 Nf6 2. Nf3 d5 3. c4 e6 4. g3 c5 5. cxd5 exd5 6. Bg2 Nc6 7. O-O Be7 8.
dxc5 Bxc5 9. b3 O-O 10. Bb2 Ne4 11. e3 Be6 12. Nc3 Nxc3 13. Bxc3 Rc8 14. Qd2
Qe7 15. Qb2 Ba3 16. Qd2 Rfd8 17. Nd4 Nxd4 18. Qxd4 f6 19. Rad1 Bc5 20. Qd2 Kh8
21. Bf3 Bf5 22. b4 Bb6 23. a4 a6 24. a5 Ba7 25. Rc1 Be4 26. Bg4 Rc6 27. Bd4
Bxd4 28. Qxd4 Rc4 29. Rxc4 dxc4 30. Qb2 Rd3 31. Rd1 Qd6 32. Rxd3 Qxd3 33. Be2
Qd7 34. f3 Bd3 35. Qd2 Qb5 36. Kf2 h6 37. Bxd3 cxd3 38. Qc3 Qd5 39. Qd2 Qc4 40.
Ke1 Qb3 41. Kf2 Qc4 42. h4 Kg8 43. Ke1 Kf7 44. Qb2 Qd5 45. e4 Qd6 46. f4 Qe6
47. Qd4 Qb3 48. Qd7+ Kf8 49. Qc8+ Kf7 50. Qd7+ Kf8 51. Qc8+ Kf7 1/2-1/2

[Event "Quebec op"]
[Site "Laval CAN"]
[Date "2022.09.02"]
[Round "3.11"]
[White "Cossette, Daniel"]
[Black "Kapush, Oleksandr"]
[Result "0-1"]
[WhiteElo "2026"]
[BlackElo "1731"]
[PlyCount "78"]
[EventDate "2022.09.01"]
[EventType "swiss"]
[EventRounds "9"]
[EventCountry "CAN"]

1. e4 c5 2. Nf3 d6 3. Bb5+ Nd7 4. d4 cxd4 5. Qxd4 Ngf6 6. O-O g6 7. e5 dxe5 8.
Qh4 Bg7 9. Rd1 Qc7 10. Nc3 a6 11. Be2 b6 12. Bg5 Bb7 13. Rd2 O-O 14. Rad1 Nc5
15. Be3 Rfd8 16. Qc4 Rxd2 17. Rxd2 Rc8 18. Ng5 e6 19. Bf3 h6 20. Nh3 Bxf3 21.
gxf3 Qb7 22. Qe2 e4 23. f4 Nd5 24. Nd1 Nxe3 25. fxe3 b5 26. Nhf2 Na4 27. b3 Nc5
28. c4 b4 29. Nb2 Qc7 30. Qd1 Bc3 31. Rc2 Rd8 32. Qg4 a5 33. Nbd1 Bf6 34. Qe2
Qd7 35. Nb2 h5 36. Na4 Nxa4 37. Nxe4 Be7 38. bxa4 Qxa4 39. Nd2 Qxc2 0-1

[Event "Quebec op"]
[Site "Laval CAN"]
[Date "2022.09.02"]
[Round "3.12"]
[White "Mercure, Gilbert"]
[Black "Saha, Ananda"]
[Result "0-1"]
[WhiteElo "1722"]
[BlackElo "2025"]
[PlyCount "72"]
[EventDate "2022.09.01"]
[EventType "swiss"]
[EventRounds "9"]
[EventCountry "CAN"]

1. e4 e6 2. d4 d5 3. e5 c5 4. c3 Nc6 5. Nf3 Nge7 6. Bd3 Bd7 7. O-O cxd4 8. cxd4
Qb6 9. a3 Nxd4 10. Nbd2 Nec6 11. b4 Be7 12. Bb2 O-O 13. Nxd4 Nxd4 14. Qg4 Nf5
15. Nf3 Bb5 16. Bxb5 Qxb5 17. Nd4 Nxd4 18. Bxd4 Rfc8 19. f4 Qd3 20. f5 h5 21.
Qf4 Qxf5 22. Qe3 Bg5 23. Qe2 Qg6 24. Rad1 Rc2 25. Qf3 Rac8 26. Rd3 Ra2 27. Bxa7
Rcc2 28. Bf2 Bf4 29. Rc3 Bxe5 30. Rxc2 Rxc2 31. a4 Rc4 32. b5 Rxa4 33. b6 Qg4
34. Qb3 Bd4 35. Bxd4 Qxd4+ 36. Kh1 Ra1 0-1

[Event "Quebec op"]
[Site "Laval CAN"]
[Date "2022.09.02"]
[Round "3.13"]
[White "Javidfard, Amirsalar"]
[Black "Zhang, Brian"]
[Result "1-0"]
[WhiteElo "2009"]
[BlackElo "1526"]
[PlyCount "71"]
[EventDate "2022.09.01"]
[EventType "swiss"]
[EventRounds "9"]
[EventCountry "CAN"]

1. d4 d5 2. c4 c6 3. Nf3 Nf6 4. e3 e6 5. b3 Nbd7 6. Bd3 Ne4 7. O-O Bd6 8. Ba3
Bxa3 9. Nxa3 f5 10. Nd2 Qg5 11. Nc2 O-O 12. f3 Nxd2 13. Qxd2 b6 14. Qe2 Bb7 15.
e4 Rfe8 16. Rae1 Nf6 17. cxd5 exd5 18. f4 Qh6 19. e5 Ne4 20. Ne3 Rf8 21. g4 g6
22. Rf3 c5 23. dxc5 d4 24. gxf5 Nc3 25. Bc4+ Kh8 26. Qd2 Bxf3 27. Qxd4 Rad8 28.
Qxc3 Qxf4 29. e6+ Rd4 30. cxb6 gxf5 31. e7 Re8 32. Nxf5 Qg4+ 33. Kf2 Qg2+ 34.
Ke3 Qg5+ 35. Kxd4 Qxf5 36. Ke3+ 1-0

[Event "Quebec op"]
[Site "Laval CAN"]
[Date "2022.09.02"]
[Round "3.14"]
[White "Latorre, Vincent"]
[Black "Eltafi, Ali Sina"]
[Result "1-0"]
[WhiteElo "1949"]
[BlackElo "1179"]
[PlyCount "71"]
[EventDate "2022.09.01"]
[EventType "swiss"]
[EventRounds "9"]
[EventCountry "CAN"]

1. e4 e5 2. Nf3 Nc6 3. Bc4 Nf6 4. d3 Bc5 5. c3 d6 6. Bb3 Be6 7. O-O Bb6 8. h3
O-O 9. Re1 h6 10. Bc2 Qd7 11. Nbd2 g5 12. Nf1 Bxh3 13. gxh3 Qxh3 14. N3h2 g4
15. Be3 Qh4 16. Bxb6 axb6 17. Ng3 Ne7 18. Qd2 Nh7 19. Bd1 h5 20. Qh6 Nf6 21.
Nhf1 Rae8 22. Ne3 Nh7 23. Nxh5 Qg5 24. Qxg5+ Nxg5 25. Nf6+ Kh8 26. Nxe8 Rxe8
27. Bxg4 Kh7 28. Bf5+ Nxf5 29. Nxf5 Nf3+ 30. Kf1 Nxe1 31. Rxe1 Kg6 32. Ke2 Kg5
33. Rg1+ Kf6 34. Ne3 c6 35. Nc4 Ra8 36. a3 1-0

[Event "Quebec op"]
[Site "Laval CAN"]
[Date "2022.09.02"]
[Round "3.15"]
[White "Goldner, John"]
[Black "Turcotte, Jonathan"]
[Result "0-1"]
[WhiteElo "1684"]
[BlackElo "1940"]
[PlyCount "118"]
[EventDate "2022.09.01"]
[EventType "swiss"]
[EventRounds "9"]
[EventCountry "CAN"]

1. e4 c5 2. b4 cxb4 3. Nf3 d5 4. exd5 Qxd5 5. c4 bxc3 6. Nxc3 Qa5 7. Rb1 e6 8.
Rb5 Qc7 9. Rb3 a6 10. a4 Nf6 11. Bd3 Nbd7 12. Ne4 b6 13. Rc3 Qb8 14. O-O Bb7
15. Re1 Bb4 16. Ba3 Bxa3 17. Rxa3 O-O 18. Rc3 Nxe4 19. Rxe4 Bxe4 20. Bxe4 Nf6
21. Bxa8 Qxa8 22. Qc2 g6 23. Ng5 Qd5 24. h4 Rd8 25. Rc8 Kg7 26. Qc7 Rd7 27. Qb8
Qxd2 28. Nf3 Qd1+ 29. Kh2 Qd6+ 30. Ne5 Ng4+ 31. Kh3 Qxb8 32. Rxb8 Nxe5 33. Rxb6
a5 34. Rb5 Rd5 35. Rb1 Nd3 36. Kg3 Nc5 37. Ra1 Rd4 38. Rc1 Ne4+ 39. Kf3 Rxa4
40. Rc2 Nd6 41. Rc5 Kf6 42. g4 h6 43. g5+ Kg7 44. Rc7 Rxh4 45. gxh6+ Rxh6 46.
Ke3 Rh3+ 47. f3 Rh5 48. Ra7 Rd5 49. Ra6 g5 50. Ra8 f5 51. Ra7+ Kf6 52. Ra8 Ke5
53. Rg8 Nc4+ 54. Kf2 Kf4 55. Ke1 a4 56. Ra8 a3 57. Ra4 Rd4 58. Kf2 g4 59. fxg4
fxg4 0-1

[Event "Quebec op"]
[Site "Laval CAN"]
[Date "2022.09.02"]
[Round "3.16"]
[White "Chapdelaine, Gwyn"]
[Black "Bassel, Charaf"]
[Result "1/2-1/2"]
[WhiteElo "1873"]
[BlackElo "2082"]
[PlyCount "105"]
[EventDate "2022.09.01"]
[EventType "swiss"]
[EventRounds "9"]
[EventCountry "CAN"]

1. e4 g6 2. d4 c6 3. Nf3 d5 4. e5 Bg4 5. h3 Bxf3 6. Qxf3 e6 7. Bd3 c5 8. dxc5
Nc6 9. Bf4 Qa5+ 10. Nd2 Qxc5 11. O-O Bg7 12. c4 Nge7 13. cxd5 exd5 14. Nb3 Qb6
15. Rfe1 O-O 16. Bg5 Qc7 17. Bf6 Rae8 18. Bxg7 Kxg7 19. Rac1 Nc8 20. Qf6+ Kg8
21. f4 Qe7 22. Qxe7 Rxe7 23. Bb5 Nb8 24. Nd4 a6 25. Be2 Na7 26. Bf3 Rd8 27. f5
Nbc6 28. f6 Ree8 29. Nxc6 Nxc6 30. Rcd1 d4 31. Bxc6 bxc6 32. b4 a5 33. a3 axb4
34. axb4 Rd5 35. Re4 d3 36. Rd2 h5 37. Re3 Red8 38. e6 fxe6 39. Rxe6 R8d6 40.
Rxd6 Rxd6 41. Kf2 Rd4 42. Ke3 Rxb4 43. Rxd3 Rb7 44. g4 hxg4 45. hxg4 g5 46. Ke4
Kf7 47. Rd6 Rc7 48. Kf5 c5 49. Kxg5 c4 50. Rd1 c3 51. Rc1 c2 52. Kf5 Rc5+ 53.
Ke4 1/2-1/2

[Event "Quebec op"]
[Site "Laval CAN"]
[Date "2022.09.02"]
[Round "3.17"]
[White "Nica, Ion"]
[Black "Malek, Omid"]
[Result "0-1"]
[WhiteElo "1674"]
[BlackElo "2033"]
[PlyCount "88"]
[EventDate "2022.09.01"]
[EventType "swiss"]
[EventRounds "9"]
[EventCountry "CAN"]

1. b3 e5 2. Bb2 Nc6 3. e3 Nf6 4. Bb5 e4 5. d3 Bb4+ 6. Nd2 exd3 7. Bxd3 Qe7 8.
Ngf3 d5 9. a3 Bd6 10. h3 Ne5 11. Nxe5 Bxe5 12. Bxe5 Qxe5 13. O-O O-O 14. Nf3
Qe7 15. Nd4 g6 16. c4 c5 17. Ne2 Rd8 18. Qc2 Be6 19. Rfd1 Rac8 20. Nf4 d4 21.
exd4 Rxd4 22. Nxe6 Qxe6 23. Re1 Qd6 24. Rad1 Rd8 25. Be2 b6 26. Rxd4 cxd4 27.
Qb2 Ne4 28. b4 Nc3 29. Bd3 a5 30. b5 Rc8 31. Qb3 Kf8 32. Bf1 Rc5 33. Qb2 Rf5
34. Qd2 Kg7 35. Rc1 Ne4 36. c5 bxc5 37. Qxa5 Nxf2 38. Qe1 d3 39. Qc3+ f6 40.
Qd2 Qg3 41. Re1 Nxh3+ 42. Kh1 Nf2+ 43. Kg1 Rh5 44. Qxf2 Qh2# 0-1

[Event "Quebec op"]
[Site "Laval CAN"]
[Date "2022.09.02"]
[Round "3.19"]
[White "Ang, Alan"]
[Black "Jiang, Barron Jiyu"]
[Result "0-1"]
[WhiteElo "1921"]
[BlackElo "1603"]
[PlyCount "94"]
[EventDate "2022.09.01"]
[EventType "swiss"]
[EventRounds "9"]
[EventCountry "CAN"]

1. b3 e5 2. Bb2 Nc6 3. c4 Nf6 4. e3 g6 5. g3 Bg7 6. Bg2 d5 7. cxd5 Nxd5 8. a3
Be6 9. Qc2 O-O 10. d3 Qd7 11. Nc3 Nxc3 12. Qxc3 Ne7 13. Nf3 Nd5 14. Qc2 f6 15.
O-O Rae8 16. Rfd1 Bh3 17. Qc4 Bxg2 18. Kxg2 Kh8 19. h3 f5 20. Rac1 c6 21. b4
Qf7 22. b5 cxb5 23. Qxb5 a6 24. Qc4 b5 25. Qc6 Qe6 26. e4 fxe4 27. dxe4 Nb6 28.
Qxe6 Rxe6 29. Ng5 Ref6 30. f4 Nc4 31. Rxc4 bxc4 32. Nf3 Rb6 33. Bxe5 Bxe5 34.
Nxe5 Rb2+ 35. Kf3 Rb3+ 36. Kf2 c3 37. Rc1 Rc8 38. Ke2 c2 39. Nd3 Rcc3 40. Ne1
Rxg3 41. Nxc2 Rxh3 42. e5 Rh2+ 43. Ke1 Rg3 44. Kd1 Rf3 45. Ne1 Rxf4 46. Rc7
Rd4+ 47. Kc1 Rh1 0-1

[Event "Quebec op"]
[Site "Laval CAN"]
[Date "2022.09.02"]
[Round "3.20"]
[White "Adam, Rafael"]
[Black "Ber, Yves"]
[Result "1-0"]
[WhiteElo "1864"]
[BlackElo "1964"]
[PlyCount "67"]
[EventDate "2022.09.01"]
[EventType "swiss"]
[EventRounds "9"]
[EventCountry "CAN"]

1. d4 Nf6 2. c4 e6 3. g3 d5 4. Nf3 dxc4 5. Bg2 Bb4+ 6. Bd2 Be7 7. Qc2 O-O 8.
Qxc4 Nbd7 9. O-O a6 10. Qc2 c5 11. Rd1 Qb6 12. dxc5 Bxc5 13. e3 Qa7 14. Bc3 Rb8
15. Nbd2 b5 16. Nb3 Be7 17. Bd4 Qa8 18. Na5 Bb7 19. Nxb7 Qxb7 20. Ne5 Qc8 21.
Nc6 Bd8 22. Qd3 Ra8 23. Nxd8 e5 24. Bxa8 Qxa8 25. Bc3 Re8 26. Qd6 Qf3 27. Qc6
Qg4 28. Nb7 h5 29. Nd6 Re6 30. Qa8+ Kh7 31. Nxf7 h4 32. Rxd7 Nxd7 33. Qe4+ Qxe4
34. Ng5+ 1-0

[Event "Quebec op"]
[Site "Laval CAN"]
[Date "2022.09.02"]
[Round "3.21"]
[White "Rodriguez, Aaron"]
[Black "Landry, Sylvain"]
[Result "0-1"]
[WhiteElo "1894"]
[BlackElo "1764"]
[PlyCount "62"]
[EventDate "2022.09.01"]
[EventType "swiss"]
[EventRounds "9"]
[EventCountry "CAN"]

1. e4 c5 2. Nf3 d6 3. d4 cxd4 4. Nxd4 Nf6 5. Nc3 a6 6. a4 e5 7. Nb3 Be7 8. Be2
Be6 9. Be3 Nbd7 10. O-O O-O 11. a5 Rc8 12. f4 exf4 13. Rxf4 Qc7 14. Nd4 Kh8 15.
g4 Ne5 16. g5 Nfd7 17. Rh4 Qd8 18. Qd2 Ng6 19. Rh5 Nde5 20. Nf5 d5 21. Nxd5 Bc5
22. Bxc5 Rxc5 23. Qe3 Rxd5 24. Qh3 Bxf5 25. exf5 Kg8 26. Rf1 Rd2 27. Qe3 Rxe2
28. Qxe2 Qd4+ 29. Kh1 Nf4 30. Rxf4 Qxf4 31. f6 Rd8 0-1

[Event "Quebec op"]
[Site "Laval CAN"]
[Date "2022.09.02"]
[Round "3.22"]
[White "Laroche, Hugo"]
[Black "Jacquet, Stephane"]
[Result "0-1"]
[WhiteElo "1696"]
[BlackElo "1862"]
[PlyCount "72"]
[EventDate "2022.09.01"]
[EventType "swiss"]
[EventRounds "9"]
[EventCountry "CAN"]

1. d4 d6 2. Bf4 g6 3. Nf3 Bg7 4. e3 Nd7 5. c3 e5 6. dxe5 dxe5 7. Bg3 Qe7 8.
Nbd2 Nh6 9. Bh4 f6 10. Bc4 Nf7 11. Qb3 O-O 12. O-O Kh8 13. Bxf7 Rxf7 14. Nc4 g5
15. Bg3 Nc5 16. Qc2 Bg4 17. Nfd2 f5 18. f3 Bh5 19. e4 f4 20. Bf2 g4 21. b4 Ne6
22. fxg4 Bxg4 23. Nf3 Bxf3 24. gxf3 Qg5+ 25. Kh1 Qh5 26. Qe2 Ng5 27. Nd2 Rd8
28. Rad1 Rfd7 29. Bg1 b6 30. a4 Bf6 31. a5 Qh3 32. Nc4 Rxd1 33. Rxd1 Rxd1 34.
Qxd1 Nxf3 35. axb6 Ne1 36. Ne3 fxe3 0-1

[Event "Quebec op"]
[Site "Laval CAN"]
[Date "2022.09.03"]
[Round "4.1"]
[White "Sambuev, Bator"]
[Black "Robichaud, Louis"]
[Result "1-0"]
[WhiteElo "2436"]
[BlackElo "2026"]
[PlyCount "55"]
[EventDate "2022.09.01"]
[EventType "swiss"]
[EventRounds "9"]
[EventCountry "CAN"]

1. d4 Nf6 2. c4 g6 3. Nc3 Bg7 4. e4 d6 5. Nf3 O-O 6. Be2 e5 7. O-O Nc6 8. d5
Ne7 9. Ne1 Ne8 10. Nd3 f5 11. f4 fxe4 12. Nxe4 Nf5 13. fxe5 dxe5 14. Bg5 Nf6
15. g4 Nd6 16. Ndf2 Qe8 17. Nxf6+ Bxf6 18. Bxf6 Rxf6 19. c5 Nf7 20. Ne4 Rxf1+
21. Qxf1 Qe7 22. Rd1 Kg7 23. d6 cxd6 24. cxd6 Qd8 25. Bc4 Nh6 26. d7 Bxd7 27.
Rxd7+ Qxd7 28. Qf6# 1-0

[Event "Quebec op"]
[Site "Laval CAN"]
[Date "2022.09.03"]
[Round "4.2"]
[White "Zheng, Richard"]
[Black "Rodrigue-Lemieux, Shawn"]
[Result "0-1"]
[WhiteElo "2147"]
[BlackElo "2451"]
[PlyCount "84"]
[EventDate "2022.09.01"]
[EventType "swiss"]
[EventRounds "9"]
[EventCountry "CAN"]

1. d4 d5 2. c4 e6 3. Nc3 Bb4 4. cxd5 exd5 5. Qc2 Ne7 6. a3 Ba5 7. e3 Bf5 8. Bd3
Bxd3 9. Qxd3 c6 10. Nf3 Nd7 11. Bd2 O-O 12. O-O Bc7 13. Ne2 Re8 14. Bb4 Nc8 15.
a4 Nd6 16. Bxd6 Bxd6 17. Ng3 a5 18. Rac1 Nf6 19. Nd2 Re6 20. f4 Ng4 21. Rf3 Bb4
22. h3 Nf6 23. Rf2 Qb6 24. Nb3 Rae8 25. Re2 Bd6 26. Nc5 Bxc5 27. Rxc5 Nd7 28.
Rc3 Qd8 29. Kh2 Nb6 30. b3 Nc8 31. Nf5 h5 32. g4 g6 33. Nh6+ Kg7 34. f5 Re4 35.
Nxf7 Kxf7 36. fxg6+ Kxg6 37. gxh5+ Kh7 38. Rg2 Qd6+ 39. Kh1 Qh6 40. Qd1 Ne7 41.
Qf3 Rf8 42. Qe2 Rf5 0-1

[Event "Quebec op"]
[Site "Laval CAN"]
[Date "2022.09.03"]
[Round "4.3"]
[White "Zhong, Kevin"]
[Black "Vera, Reynaldo"]
[Result "0-1"]
[WhiteElo "2143"]
[BlackElo "2402"]
[PlyCount "110"]
[EventDate "2022.09.01"]
[EventType "swiss"]
[EventRounds "9"]
[EventCountry "CAN"]

1. e4 c5 2. Nf3 d6 3. d4 Nf6 4. Nc3 cxd4 5. Nxd4 Nc6 6. Bg5 e6 7. Qd2 a6 8.
O-O-O Bd7 9. f3 Nxd4 10. Qxd4 Be7 11. h4 h6 12. Be3 h5 13. Bg5 Rc8 14. f4 Qc7
15. Kb1 Qc5 16. Qd2 Bc6 17. Re1 b5 18. e5 b4 19. exf6 bxc3 20. fxg7 cxd2 21.
gxh8=Q+ Kd7 22. Qxc8+ Kxc8 23. Bxa6+ Kd7 24. Re2 f6 25. Bh6 Bb5 26. Bxb5+ Qxb5
27. Rxd2 Qf5 28. Re1 Qh7 29. f5 e5 30. Be3 Qxf5 31. g3 Ke6 32. Rd3 Qg4 33. Bf2
f5 34. Rd4 Qf3 35. Rf4 Qb7 36. a4 Bf6 37. Bd4 Qg2 38. Rg1 Qh2 39. Re1 Qxg3 40.
Rff1 Qxh4 41. c3 Bd8 42. Rh1 Qg3 43. Be3 Qg4 44. b4 Bh4 45. Rd1 Qe4+ 46. Ka1
Qxe3 47. Rxh4 Qxc3+ 48. Kb1 Qb3+ 49. Kc1 Qc3+ 50. Kb1 Qb3+ 51. Kc1 Qxa4 52.
Rxh5 Qxb4 53. Rh6+ Kd7 54. Rh7+ Kc6 55. Rh8 f4 0-1

[Event "Quebec op"]
[Site "Laval CAN"]
[Date "2022.09.03"]
[Round "4.4"]
[White "Chen, Max"]
[Black "Migot, Tangi"]
[Result "0-1"]
[WhiteElo "2104"]
[BlackElo "2356"]
[PlyCount "134"]
[EventDate "2022.09.01"]
[EventType "swiss"]
[EventRounds "9"]
[EventCountry "CAN"]

1. e4 c5 2. c3 Nf6 3. e5 Nd5 4. d4 cxd4 5. Nf3 e6 6. cxd4 d6 7. Bc4 Be7 8. O-O
O-O 9. Qe2 b6 10. Bxd5 exd5 11. Rd1 Na6 12. h3 Nc7 13. Nc3 Bf5 14. b3 Qd7 15.
a4 a5 16. Ba3 f6 17. Nb5 Nxb5 18. Qxb5 Qxb5 19. axb5 Rfc8 20. Rdc1 Bd7 21. Nh2
Kf7 22. exd6 Bf8 23. Nf1 Rxc1 24. Rxc1 a4 25. bxa4 Rxa4 26. Bb2 Rb4 27. Ba3 Rb3
28. Ra1 Rxb5 29. Re1 Rb3 30. Re3 Rb1 31. Rc3 b5 32. Rc1 Rxc1 33. Bxc1 Bxd6 34.
Ne3 Ke6 35. Kf1 b4 36. Ke2 Bb5+ 37. Kd1 h5 38. g3 Ba4+ 39. Kd2 Bc7 40. Bb2 Ba5
41. Kd3 b3 42. Nd1 Bb5+ 43. Ke3 Bf1 44. h4 Bc4 45. Nc3 Kf5 46. f3 Bc7 47. Kf2
g5 48. Nd1 gxh4 49. gxh4 Ke6 50. Ne3 f5 51. f4 Bxf4 52. Kf3 Bd6 53. Ng2 Be7 54.
Nf4+ Kf7 55. Kg3 Bb4 56. Nxh5 Be2 57. Nf4 Bd6 58. Bc1 Bh5 59. Bb2 Ke8 60. Bc1
Kd7 61. Bb2 Kc6 62. Bc1 Kb5 63. Bb2 Kc4 64. Ba1 Bc7 65. Bb2 Kb4 66. Bc1 Kc3 67.
Kf2 Bxf4 0-1